Wyatt and dashwood's European union law. / (Record no. 5556)
[ view plain ]
| 000 -LEADER | |
|---|---|
| fixed length control field | 02001nam a22002057a 4500 |
| 008 - FIXED-LENGTH DATA ELEMENTS--GENERAL INFORMATION | |
| fixed length control field | 150625b xxu||||| |||| 00| 0 eng d |
| 020 ## - INTERNATIONAL STANDARD BOOK NUMBER | |
| International Standard Book Number | 9780421925601 |
| 050 ## - LIBRARY OF CONGRESS CALL NUMBER | |
| Classification number | KJE947.W93 |
| 100 ## - MAIN ENTRY--PERSONAL NAME | |
| Personal name | Arnull, Anthony |
| 245 ## - TITLE STATEMENT | |
| Title | Wyatt and dashwood's European union law. / |
| Statement of responsibility, etc. | Anthony Arnull et al... |
| 250 ## - EDITION STATEMENT | |
| Edition statement | 5th ed. |
| 260 ## - PUBLICATION, DISTRIBUTION, ETC. | |
| Place of publication, distribution, etc. | London: |
| Name of publisher, distributor, etc. | Sweet & Maxwell, |
| Date of publication, distribution, etc. | c2006. |
| 300 ## - PHYSICAL DESCRIPTION | |
| Extent | cl, 1224p. |
| Dimensions | 23cm. |
| 500 ## - GENERAL NOTE | |
| General note | includes index |
| 505 ## - FORMATTED CONTENTS NOTE | |
| Formatted contents note | Contents: Historical introduction: From the founding treaties to the treaty establishing a constitution for Europe -- The Constitutional order: The Institutions of the European union -- The Legislative process -- Union competences -- Constitutional foundations: Sources, supremacy and direct effect of union law -- Rights and remedies -- General principles of law -- Fundamental rights -- The Charter of fundamental rights -- European community and European union -- The Treaty establishing a constitution for Europe -- Jurisdiction of the community courts: Judicial architecture and judicial method -- Direct actions -- Preliminary rulings -- The Fundamental rights of union citizens, the internal market and beyond: Customs duties and discriminatory internal taxation -- Quantitative restrictions and measures having equivalent effect -- Union citizenship and the rights to move and reside in the union -- Freedom of movement for workers -- The Right of establishment and the freedom to provide services -- Corporate establishment, cross border acquisitions, company law harmonization, and the effect of national tax rules on the internal market -- Completing the internal market -- Completion policy: Introduction to the rules on competition -- Article 81: cartels and restrictions on competition -- Abuse of dominance: article 82 -- Enforcement of articles 81 and 82 -- Member states, public and entrusted undertakings: article 86 -- State aid. |
| 700 ## - ADDED ENTRY--PERSONAL NAME | |
| Personal name | Dashwood, Alan |
| 700 ## - ADDED ENTRY--PERSONAL NAME | |
| Personal name | Dougan, Michael |
| 700 ## - ADDED ENTRY--PERSONAL NAME | |
| Personal name | Ross, Malcolm |
| 942 ## - ADDED ENTRY ELEMENTS (KOHA) | |
| Source of classification or shelving scheme | Library of Congress Classification |
| Koha item type | Books |
| Withdrawn status | Lost status | Source of classification or shelving scheme | Damaged status | Not for loan | Home library | Current library | Shelving location | Date acquired | Total Checkouts | Full call number | Barcode | Date last seen | Price effective from | Koha item type |
|---|---|---|---|---|---|---|---|---|---|---|---|---|---|---|
| Library of Congress Classification | WISCONSIN INTERNATIONAL UNIVERSITY COLLEGE, GHANA - MAIN LIBRARY | WISCONSIN INTERNATIONAL UNIVERSITY COLLEGE, GHANA - MAIN LIBRARY | Law Library | 25/06/2015 | KJE947.W93 | 074/15 | 25/06/2015 | 25/06/2015 | Books |
